000 01171nam a2200325 i 4500
003 EG-GICUC
005 20260121101534.0
008 251223s2016 su ||||fr|||| 00| 0 ara d
017 _a1427/2783
020 _a9786039057529
040 _a EG-GICUC
_bara
_c EG-GICUC
_d EG-GICUC
_erda
041 0 _aara
082 0 4 _221
_a345.45
_bإ س . د
092 0 4 _221
099 _aLaw1 07 345.45 إ س . د 1 ed - 2016
100 0 _a إسلام إحسان
_eمؤلف.
245 1 0 _aدعوى إلغاء القرارات التأديبية أمام ديوان المظالم /
_cالمستشار الدكتور إسلام إحسان.
250 _aالطبعة الأولى
264 1 _aجدة :
_bدار أل غالب للنشر والتوزيع،
_c2016.
300 _a230 ؛ صفحة
_c24 سم.
336 _2rda content
_atext
337 _2rda media
_aComputer
338 _2rda carrier
_aOnline Resource
546 _aالنص باللغة العربية
650 1 4 _aالسلطات التاديبية
650 1 4 _aالقانون الإدارى
856 4 0 _uhttps://fll.law.cu.edu.eg/fulltext/bks/B07-01687.pdf
905 _a77
942 _2ddc
_cBK
_e21
_n0
999 _c52281
_d52281